Statistiques concernant Générique Miraculous - Paroles

Cliquez ici pour prendre le quiz!

Statistiques générales

  • Ce quiz a été pris 2 580 fois
  • Le résultat moyen est 100 sur 136

Statistiques - réponses

Paroles% Correct
la
98%
La
98%
Miraculous!
96%
Miraculous
96%
Lady
95%
je
93%
Je
93%
le
93%
des
91%
un
91%
et
90%
du
89%
Marinette,
89%
quand
88%
Ladybug,
87%
Ladybug!
87%
les
87%
m'appelle
87%
me
87%
deviens...
86%
une
85%
Une
85%
fille
84%
autres.
83%
Chat
83%
chat
83%
comme
83%
destin
83%
destin...
83%
Mais
83%
mais
83%
noir,
83%
noir
83%
Noir,
83%
coeur
82%
coeur,
82%
Pour
82%
pour
82%
mal,
80%
forces
78%
magique
78%
c'est
76%
C'est
76%
contre
75%
chance!
74%
en
72%
cas
71%
être
71%
lutter
71%
d'urgence!
69%
moi
69%
mon
69%
Amour
67%
ne
67%
j'ai
66%
pas
66%
Adrien,
65%
Papillon
65%
Paris
65%
héroïque
64%
choisit
63%
porte-bonheur,
63%
pouvoirs
63%
toujours
63%
aime
62%
mystère,
62%
n'est
62%
présent,
62%
ange.
61%
magie
61%
désespère,
58%
histoire
58%
noire
58%
étrange.
57%
victoire,
57%
chassé-croisé,
56%
fais
56%
j'en
56%
plutôt
56%
serment,
56%
qui
55%
éperduement.
54%
peur
54%
bagarre
53%
rien,
53%
d'aimer
52%
super-puissants.
52%
elle
49%
peut
48%
son
48%
m'aimer
47%
celle
45%
vit
44%
que
37%
lorsque
32%
lui
29%
veut
25%

Distribution des résultats

Percentile par nombre de réponses

% des personnes avec chaque résultat

Votre développement - résultats

Vous n’avez pas pris ce quiz